000 00860nam a22002057a 4500
999 _c18084
_d18084
005 20251125232903.0
008 s2529 th tha d
040 _aNALT
041 _atha
245 1 0 _aประมวลจริยธรรมข้าราชการตุลาการ
260 3 _aกรุงเทพฯ :
_bสำนักงานส่งเสริมงานตุลาการ,
_c2529
300 _a94 หน้า ;
_b 27 ซม.
650 0 4 _aข้าราชการตุลาการ -- จริยธรรม
650 0 4 _aผู้พิพากษา -- จริยธรรม
850 _aNALT
856 4 0 _uhttps://hdl.handle.net/20.500.14156/427046
_71
942 _cLB
_2lcc
998 _j25
_k นีลวัสน์ อินทรักษา
090 _aKU114 ย349ป 2529